ASEAN Conference on Book Development (1996 : Kuala Lumpur) : Books for all : proceedings of the ASEAN Conference on Book Development, 13-15 August 1996, Kuala Lumpur

Bibliographic Details
Other Authors: Sumangala Pillai
Format: Book
Published: Kuala Lumpur : ASEAN COCI , 1997
Subjects:

MARC

LEADER 00000cam a2200000 7i4500
001 0000000089
005 20000629.0
020 0 0 |a 9679310604 
090 0 0 |a 070.5730959   |b ASE 1997 
245 0 0 |a ASEAN Conference on Book Development (1996 : Kuala Lumpur) :   |b Books for all : proceedings of the ASEAN Conference on Book Development, 13-15 August 1996, Kuala Lumpur   |c edited by Sumangala Pillai 
260 0 0 |a Kuala Lumpur :   |b ASEAN COCI ,   |c 1997 
300 |a viii, 196 p. ;   |c 27 cm. 
500 0 0 |a Includes index 
650 0 0 |a Book industries and trade   |z Asia, Southeastern   |x Congresses 
650 0 0 |a Books and reading   |z Asia, Southeastern   |x Congresses 
650 0 0 |a Electronic publishing   |z Asia, Southeastern   |x Congresses 
650 0 0 |a Publishers and publishing   |z Asia, Southeastern   |x Congresses 
700 0 1 |a Sumangala Pillai 
999 |a 0000001063   |b Monograph   |c Open Shelf   |e Default branch